| 000 | 00801nam a22002890a 4500 | ||
|---|---|---|---|
| 001 | PT22431 | ||
| 003 | AR-LpoUNG | ||
| 005 | 20210131233053.0 | ||
| 008 | 191001s2005||||ag |||||||||||||||||spa d | ||
| 020 |
_a9875263192 _c$7,3 |
||
| 040 |
_aAR-LpoUNG _bspa _cAR-LpoUNG _eaacr |
||
| 041 | _aspa | ||
| 044 | _aag | ||
| 082 | 0 | _a005.3 452pro | |
| 100 | 1 | _aPerna, Norberto | |
| 245 | 1 | 0 |
_aProject management : _bplanificar, ejecutar, controlar un proyecto en forma eficiente |
| 250 | _a1ra. ed. | ||
| 260 |
_aBuenos Aires : _bMP, _c2005. |
||
| 300 |
_a240 p. : _bil. |
||
| 650 | 4 | _aDIRECCION DE PROYECTOS | |
| 650 | 4 | _aDISEÑO DE PROYECTOS | |
| 650 | 4 | _aINFORMATICA | |
| 650 | 4 | _aPROGRAMAS DE COMPUTADORA | |
| 651 | 4 | _aDOCUMENTOS TEORICOS O METODOLOGICOS | |
| 905 | _a22431 | ||
| 942 | _cLIB | ||
| 999 |
_c19053 _d19053 |
||